Rage of angels (Record no. 5246)
[ view plain ]
| 000 -LEADER | |
|---|---|
| fixed length control field | 00445 a2200145 4500 |
| 020 ## - INTERNATIONAL STANDARD BOOK NUMBER | |
| International Standard Book Number | 0006178731 |
| 040 ## - CATALOGING SOURCE | |
| Original cataloging agency | DLC |
| Language of cataloging | DLC |
| 082 ## - DEWEY DECIMAL CLASSIFICATION NUMBER | |
| Classification number | 813.54 SHE |
| 100 ## - MAIN ENTRY--PERSONAL NAME | |
| Personal name | Sheldon, Sidney. |
| 245 ## - TITLE STATEMENT | |
| Title | Rage of angels |
| Statement of responsibility, etc. | Sheldon, Sidney |
| 260 ## - PUBLICATION, DISTRIBUTION, ETC. | |
| Place of publication, distribution, etc. | London: |
| Name of publisher, distributor, etc. | Harper Collins Publishers, |
| Date of publication, distribution, etc. | 1980. |
| 300 ## - PHYSICAL DESCRIPTION | |
| Extent | 504 p. ; |
| Dimensions | 19 cm. |
| 650 ## - SUBJECT ADDED ENTRY--TOPICAL TERM | |
| Topical term or geographic name entry element | 1.Women lawyers --Fiction.2.Public prosecutors --Fiction.3.New York (N.Y.) --Fiction. |
| 942 ## - ADDED ENTRY ELEMENTS (KOHA) | |
| Koha item type | Book |
| Call number prefix | 813.54 SHE |
| Source of classification or shelving scheme | |
| Withdrawn status | Lost status | Damaged status | Not for loan | Collection code | Permanent Location | Current Location | Shelving location | Date acquired | Source of acquisition | Cost, normal purchase price | Total Checkouts | Full call number | Barcode | Date last seen | Date last checked out | Price effective from | Koha item type |
|---|---|---|---|---|---|---|---|---|---|---|---|---|---|---|---|---|---|
| Central Library (CL) | Central Library (CL) | Fiction | 06/04/2005 | Academic Book Company | 225.00 | 3 | 813.54 SHE | SEECS005850 | 10/14/2016 | 10/14/2016 | 01/05/2017 | Book |
